000 00647nam a22002057a 4500
005 20251231115717.0
010 _aENG-147357
020 _a9789391028879
_c599.00
035 _aEN-130889
037 _bDBAD
082 _a323.4
_21
100 _aSonkar, Siddharth
_986163
245 _aWhat Privacy Means:
_bWhy It Matters & How We Can Protect It/
_cSiddharth Sonkar
250 _a1
260 _aGurugram
_bHachette Book Publishing Pvt. Ltd.
_c2022
270 _a4th&5th Floors, Corporate Centre Plot No. 94, Sector 44,
_bGurugram
_e122003
300 _a372p.
_c21cm(hb)
760 _b1
942 _2ddc
_cEN
_h323.4
_mSON
_e1
999 _c213975
_d213975